[Event "GER-chT U20"]
[Site "Duesseldorf"]
[Date "2017.12.29"]
[Round "5.6"]
[White "Sammet, Dominik"]
[Black "Wiedenbruch, Paul"]
[Result "0-1"]
[WhiteElo "1678"]
[BlackElo "1391"]
[PlyCount "88"]
[EventDate "2017.12.27"]
[EventType "team-swiss"]
[EventRounds "7"]
[EventCountry "GER"]
[SourceTitle "CBM 182 Extra"]
[Source "ChessBase"]
[SourceDate "2018.02.23"]
[SourceVersion "1"]
[SourceVersionDate "2018.02.23"]
[SourceQuality "1"]
[WhiteTeam "Regensburg Bavaria U20"]
[BlackTeam "Duesseldorf U20"]
[WhiteTeamCountry "GER"]
[BlackTeamCountry "GER"]

1. e4 c5 2. Nf3 d6 3. d4 cxd4 4. Nxd4 Nf6 5. Nc3 Nc6 6. Be2 g6 7. 0-0 Bg7 8. Be3 0-0 9. Kh1 a6 10. f4 Bd7 11. Bf3 Rc8 12. g4 b5 13. g5 Ne8 14. h4 Nc7 15. Bg2 b4 16. Nce2 Na5 17. f5 Nc4 18. Bc1 Nb5 19. Rb1 Ne5 20. Bf4 Qc7 21. Rc1 Qc4 22. b3 Qc7 23. Qd2 Nxd4 24. Nxd4 a5 25. Bg3 Qc3 26. Qxc3 Rxc3 27. Be1 Rc7 28. c4 Rfc8 29. Bf2 Nd3 30. Rcd1 Nxf2+ 31. Rxf2 Rc5 32. Bh3 Re5 33. Rf4 gxf5 34. Nxf5 Bxf5 35. exf5 Rcc5 36. f6 Bf8 37. Rdf1 e6 38. Bg4 h6 39. g6 fxg6 40. f7+ Kg7 41. Rf6 Rc7 42. R6f4 Re7 43. Kg2 h5 44. Bd1 Rf5 0-1

[Event "Regensburg Donau Cup"]
[Site "Regensburg"]
[Date "2017.05.24"]
[Round "1"]
[White "Oberhofer, Cedric"]
[Black "Sammet, Dominik"]
[Result "1-0"]
[WhiteElo "2167"]
[BlackElo "1803"]
[PlyCount "53"]
[EventDate "2017.05.24"]
[EventType "swiss"]
[EventRounds "7"]
[EventCountry "GER"]
[SourceTitle "CBM 178 Extra"]
[Source "ChessBase"]
[SourceDate "2017.06.22"]
[SourceVersion "1"]
[SourceVersionDate "2017.06.22"]
[SourceQuality "1"]

1. d4 Nf6 2. c4 c5 3. d5 e6 4. g3 exd5 5. cxd5 d6 6. Nc3 g6 7. Bg2 Bg7 8. Nf3 0-0 9. 0-0 Re8 10. Bf4 a6 11. a4 Nh5 12. Bg5 Qb6 13. Qc2 Bf5 14. e4 Bxc3 15. Qxc3 Rxe4 16. Nh4 Re5 17. Nxf5 Rxf5 18. Bh6 Re5 19. g4 Nf6 20. f4 Nxg4 21. fxe5 Nxh6 22. e6 fxe6 23. Qf6 Nf5 24. Qxe6+ Kg7 25. Rxf5 gxf5 26. Qe7+ Kh8 27. Qf8# 1-0

[Event "Bayernliga U20 1617"]
[Site "Bayern"]
[Date "2017.03.11"]
[Round "6.4"]
[White "Sammet, Dominik"]
[Black "Noettling, Dominik"]
[Result "1-0"]
[WhiteElo "1748"]
[BlackElo "1863"]
[PlyCount "95"]
[EventDate "2016.11.12"]
[EventType "team-tourn"]
[EventRounds "7"]
[EventCountry "GER"]
[SourceTitle "EXT 2022"]
[Source "ChessBase"]
[SourceDate "2021.10.06"]
[SourceVersion "1"]
[SourceVersionDate "2021.10.06"]
[SourceQuality "1"]
[WhiteTeam "Regensburg Bavaria"]
[BlackTeam "Forchheim SC U20"]
[WhiteTeamCountry "GER"]
[BlackTeamCountry "GER"]

1. e4 c5 2. Nf3 Nc6 3. d4 cxd4 4. Nxd4 g6 5. Nc3 d6 6. Be3 Nf6 7. f3 Bg7 8. Qd2 Bd7 9. 0-0-0 Ne5 10. g4 h6 11. h4 Bc6 12. Be2 Qd7 13. Rdg1 0-0-0 14. Ncb5 Bxb5 15. Nxb5 a6 16. Na7+ Kb8 17. Qa5 Nc6 18. Qb6 Qc7 19. Nxc6+ Qxc6 20. Qxc6 bxc6 21. Bxa6 Kc7 22. Rd1 Nd7 23. Bf4 Rb8 24. c3 Nb6 25. Be3 c5 26. Bd3 Na4 27. Rh2 Rb7 28. Bc4 Rhb8 29. Bb3 Nxb2 30. Rxb2 c4 31. Kc2 cxb3+ 32. Rxb3 Rxb3 33. axb3 Ra8 34. Kb2 Ra6 35. Bd4 Bxd4 36. Rxd4 e6 37. Rc4+ Kd7 38. Ra4 Rxa4 39. bxa4 Kc6 40. Kb3 Kc5 41. c4 f6 42. Kc3 e5 43. a5 h5 44. gxh5 gxh5 45. Kb3 Kc6 46. Kb4 Kc7 47. Kb5 Kb7 48. a6+ 1-0

[Event "Nittenau-ch 16th"]
[Site "Nittenau"]
[Date "2016.09.17"]
[Round "2"]
[White "Sammet, Dominik"]
[Black "Doll, Stefan"]
[Result "0-1"]
[WhiteElo "1696"]
[BlackElo "2219"]
[PlyCount "88"]
[EventDate "2016.09.16"]
[EventType "swiss"]
[EventRounds "5"]
[EventCountry "GER"]
[SourceTitle "EXT 2022"]
[Source "ChessBase"]
[SourceDate "2021.10.06"]
[SourceVersion "1"]
[SourceVersionDate "2021.10.06"]
[SourceQuality "1"]

1. e4 e5 2. Nf3 Nc6 3. Bb5 a6 4. Ba4 d6 5. h3 Nf6 6. 0-0 b5 7. Bb3 Be7 8. c3 Bb7 9. Re1 Nb8 10. d4 Nbd7 11. Nbd2 0-0 12. Bc2 Re8 13. Nf1 Bf8 14. Ng3 g6 15. Bb3 Bg7 16. Ng5 Re7 17. Bd2 h6 18. Nxf7 Rxf7 19. Bxf7+ Kxf7 20. Qb3+ d5 21. a4 c5 22. axb5 c4 23. Qa4 Nb6 24. Qa5 Nxe4 25. Nxe4 dxe4 26. dxe5 Nd7 27. Qxd8 Rxd8 28. bxa6 Bc6 29. f4 Nxe5 30. fxe5 Rxd2 31. a7 Ba8 32. Ra4 Bxe5 33. Rxc4 Bg3 34. Rf1+ Ke7 35. Rc8 Bb7 36. a8Q Bxa8 37. Rxa8 e3 38. Ra4 e2 39. Rg4 Bh2+ 40. Kf2 exf1Q+ 41. Kxf1 Kf6 42. b4 h5 43. Rc4 Bg3 44. Re4 Rf2+ 0-1

[Event "Landesliga U20 Nord 1516"]
[Site "Bayern"]
[Date "2016.01.23"]
[Round "4.2"]
[White "Faralisz, Patrick"]
[Black "Sammet, Dominik"]
[Result "1-0"]
[WhiteElo "1893"]
[BlackElo "1760"]
[PlyCount "63"]
[EventDate "2015.11.21"]
[EventType "team-tourn"]
[EventRounds "7"]
[EventCountry "GER"]
[SourceTitle "EXT 2022"]
[Source "ChessBase"]
[SourceDate "2021.10.06"]
[SourceVersion "1"]
[SourceVersionDate "2021.10.06"]
[SourceQuality "1"]
[WhiteTeam "Nuernberg Noris Tarrasch U20"]
[BlackTeam "Bavaria Regensburg U20"]
[WhiteTeamCountry "GER"]
[BlackTeamCountry "GER"]

1. e4 c5 2. Nf3 d6 3. Bb5+ Bd7 4. Bxd7+ Qxd7 5. c4 Nc6 6. Nc3 Nf6 7. d4 Qg4 8. Be3 cxd4 9. Nxd4 Qxg2 10. Rf1 Nxe4 11. Nd5 Rc8 12. Nb5 Ng5 13. Qa4 Nf3+ 14. Ke2 Qg4 15. Rad1 Nfd4+ 16. Kd2 Nxb5 17. Rg1 Qd7 18. cxb5 Ne5 19. Ke2 b6 20. Bxb6 axb6 21. Nxb6 Rc2+ 22. Qxc2 Qxb5+ 23. Rd3 Qxd3+ 24. Qxd3 Nxd3 25. Kxd3 g6 26. Rc1 f5 27. Rc8+ Kf7 28. a4 e5 29. a5 e4+ 30. Kc4 Bg7 31. Rxh8 Bxh8 32. a6 1-0

[Event "GER-chT U16"]
[Site "Lingen"]
[Date "2015.12.29"]
[Round "6.3"]
[White "Sehring, Niklas"]
[Black "Sammet, Dominik"]
[Result "1/2-1/2"]
[WhiteElo "1164"]
[BlackElo "1789"]
[PlyCount "40"]
[EventDate "2015.12.27"]
[EventType "team-swiss"]
[EventRounds "7"]
[EventCountry "GER"]
[SourceTitle "EXT 2017"]
[Source "ChessBase"]
[SourceDate "2016.10.25"]
[SourceVersion "1"]
[SourceVersionDate "2016.10.25"]
[SourceQuality "1"]
[WhiteTeam "Lingen"]
[BlackTeam "Regensburg Bavaria"]
[WhiteTeamCountry "GER"]
[BlackTeamCountry "GER"]

1. Nf3 d5 2. g3 Nc6 3. d4 Nf6 4. Bg2 Bf5 5. 0-0 g6 6. Nbd2 Bg7 7. c4 dxc4 8. Nxc4 0-0 9. a3 Be6 10. Ne3 h6 11. b4 a6 12. Bb2 Nd5 13. Qd3 f5 14. Ne5 Nxe5 15. dxe5 c6 16. Rfd1 Nxe3 17. Qxe3 Qc7 18. Rac1 Rfd8 19. Qc5 Rxd1+ 20. Rxd1 Rd8 1/2-1/2

[Event "Landesliga U20 Nord 1516"]
[Site "Bayern"]
[Date "2015.11.21"]
[Round "1.3"]
[White "Sammet, Dominik"]
[Black "Landstorfer, Raphael"]
[Result "1-0"]
[WhiteElo "1760"]
[BlackElo "1484"]
[PlyCount "79"]
[EventDate "2015.11.21"]
[EventType "team-tourn"]
[EventRounds "7"]
[EventCountry "GER"]
[SourceTitle "EXT 2022"]
[Source "ChessBase"]
[SourceDate "2021.10.06"]
[SourceVersion "1"]
[SourceVersionDate "2021.10.06"]
[SourceQuality "1"]
[WhiteTeam "Bavaria Regensburg U20"]
[BlackTeam "Kareth Lappersdorf U20"]
[WhiteTeamCountry "GER"]
[BlackTeamCountry "GER"]

1. e4 e6 2. d4 d5 3. e5 c5 4. c3 Nc6 5. Nf3 Qb6 6. a3 f6 7. b4 cxd4 8. cxd4 fxe5 9. dxe5 Nge7 10. Bd3 Qc7 11. Bb2 g6 12. Nbd2 Bg7 13. Qe2 Bd7 14. Rc1 a6 15. 0-0 Rc8 16. Nb3 0-0 17. Nc5 Nf5 18. a4 b6 19. Nxd7 Qxd7 20. Bxa6 Nxb4 21. Bxc8 Rxc8 22. Rxc8+ Qxc8 23. Rc1 Qd7 24. Qb5 Qxb5 25. axb5 Bf8 26. Bd4 Nxd4 27. Nxd4 Bc5 28. Nxe6 Bxf2+ 29. Kf1 Bh4 30. g3 Be7 31. Rc7 Kf7 32. Ng5+ Ke8 33. Nxh7 d4 34. Nf6+ Bxf6 35. exf6 d3 36. Ke1 Nd5 37. Rc6 Kd7 38. Kd2 Ke8 39. Rd6 Nc7 40. Rxb6 1-0

[Event "Oberpfalz-ch M2"]
[Site "Schwandorf"]
[Date "2015.03.31"]
[Round "7"]
[White "Kammer, Marion"]
[Black "Sammet, Dominik"]
[Result "0-1"]
[WhiteElo "1444"]
[BlackElo "1590"]
[PlyCount "68"]
[EventDate "2015.03.28"]
[EventType "swiss"]
[EventRounds "8"]
[EventCountry "GER"]
[SourceTitle "EXT 2022"]
[Source "ChessBase"]
[SourceDate "2021.10.06"]
[SourceVersion "1"]
[SourceVersionDate "2021.10.06"]
[SourceQuality "1"]

1. e4 c5 2. Nc3 e6 3. f4 Nc6 4. Nf3 a6 5. d3 Nge7 6. Ne2 g6 7. Ng3 Bg7 8. c3 b5 9. Be2 d6 10. 0-0 Rb8 11. Qc2 Qb6 12. Be3 b4 13. Rab1 Qa5 14. cxb4 Nxb4 15. Qb3 Qxa2 16. Qxa2 Nxa2 17. e5 Nd5 18. Bd2 dxe5 19. fxe5 Bb7 20. Ne4 0-0 21. Nd6 Ne7 22. Nxb7 Rxb7 23. b3 Nb4 24. Rfc1 Rc8 25. Bc3 Ned5 26. Ba1 Nf4 27. Bf1 Nfxd3 28. Bxd3 Nxd3 29. Rc4 Rb4 30. Bc3 Rb5 31. Kf1 Nb4 32. Ra1 Nc2 33. Nd4 Nxa1 34. Nxb5 axb5 0-1

[Event "Oberpfalz-ch M2"]
[Site "Schwandorf"]
[Date "2015.03.30"]
[Round "6"]
[White "Sammet, Dominik"]
[Black "Schindler, Thomas"]
[Result "0-1"]
[WhiteElo "1590"]
[BlackElo "1669"]
[PlyCount "78"]
[EventDate "2015.03.28"]
[EventType "swiss"]
[EventRounds "8"]
[EventCountry "GER"]
[SourceTitle "EXT 2022"]
[Source "ChessBase"]
[SourceDate "2021.10.06"]
[SourceVersion "1"]
[SourceVersionDate "2021.10.06"]
[SourceQuality "1"]

1. e4 c5 2. Nf3 Nc6 3. d4 cxd4 4. Nxd4 e5 5. Nb5 a6 6. Nd6+ Bxd6 7. Qxd6 Qf6 8. Qc7 Nge7 9. Nc3 Nb4 10. Bd3 Nxd3+ 11. cxd3 0-0 12. 0-0 Ng6 13. Be3 Qc6 14. Nd5 b5 15. Bc5 Bb7 16. Bxf8 Qxc7 17. Nxc7 Rxf8 18. Rac1 Nf4 19. Rcd1 Rc8 20. Nd5 Bxd5 21. exd5 Rc2 22. Rfe1 Rxb2 23. Rxe5 Kf8 24. a4 f6 25. Ree1 Nxd5 26. axb5 axb5 27. Rb1 Rd2 28. Red1 Rxd1+ 29. Rxd1 Ke7 30. Rb1 b4 31. Kf1 Kd6 32. d4 Kc6 33. Rb3 Kb5 34. Ke2 Kc4 35. Rg3 Nc3+ 36. Ke3 b3 37. Rxg7 b2 38. Rxd7 b1Q 39. Rc7+ Kb4 0-1

[Event "Oberpfalz-ch M2"]
[Site "Schwandorf"]
[Date "2015.03.28"]
[Round "2"]
[White "Sammet, Dominik"]
[Black "Schmidt, Johann1111"]
[Result "0-1"]
[WhiteElo "1590"]
[BlackElo "1791"]
[PlyCount "50"]
[EventDate "2015.03.28"]
[EventType "swiss"]
[EventRounds "8"]
[EventCountry "GER"]
[SourceTitle "EXT 2022"]
[Source "ChessBase"]
[SourceDate "2021.10.06"]
[SourceVersion "1"]
[SourceVersionDate "2021.10.06"]
[SourceQuality "1"]

1. e4 e6 2. d4 d5 3. e5 c5 4. c3 Nc6 5. Nf3 Bd7 6. Be2 Qc7 7. a3 f6 8. Bf4 Qb6 9. b4 c4 10. 0-0 Nge7 11. g4 f5 12. g5 Ng6 13. Bd2 a5 14. bxa5 Nxa5 15. h4 Qb2 16. h5 Ne7 17. Bc1 Qxa1 18. Qc2 Nb3 19. Bb2 Qa2 20. Nbd2 Nxd2 21. Nxd2 Ba4 22. Qc1 Nc6 23. Bd1 Bxd1 24. Rxd1 Bxa3 25. Bxa3 Qxa3 0-1

[Event "GER-chT U14"]
[Site "Regensburg"]
[Date "2014.12.29"]
[Round "5.4"]
[White "Buchloh, Falk"]
[Black "Sammet, Dominik"]
[Result "1/2-1/2"]
[WhiteElo "1353"]
[BlackElo "1525"]
[PlyCount "131"]
[EventDate "2014.12.27"]
[EventType "team-swiss"]
[EventRounds "7"]
[EventCountry "GER"]
[SourceTitle "EXT 2016"]
[Source "ChessBase"]
[SourceDate "2015.10.08"]
[SourceVersion "1"]
[SourceVersionDate "2015.10.08"]
[SourceQuality "1"]
[WhiteTeam "Hagen"]
[BlackTeam "Regensburg Bavaria"]
[WhiteTeamCountry "GER"]
[BlackTeamCountry "GER"]

1. d4 Nf6 2. Bf4 c5 3. Nf3 d5 4. Nc3 Bf5 5. e3 e6 6. Bd3 Bxd3 7. cxd3 Nc6 8. dxc5 Bxc5 9. d4 Bb4 10. 0-0 0-0 11. Qb3 b6 12. Rac1 Bd6 13. Bxd6 Qxd6 14. Nb5 Qd7 15. Qa4 a6 16. Nc3 b5 17. Qd1 Rfc8 18. a3 Ra7 19. b4 Rac7 20. Qd2 Qd6 21. Qd3 Nxb4 22. axb4 Qxb4 23. Ne2 Rxc1 24. Rxc1 Rxc1+ 25. Nxc1 Qc4 26. Qd1 Nd7 27. Nd2 Qc7 28. Na2 a5 29. Qc1 Qxc1+ 30. Nxc1 a4 31. Na2 Nb6 32. Nb1 Nc8 33. Kf1 Kf8 34. Ke2 Ke7 35. Kd2 Kd7 36. Kc3 Kc6 37. Kb4 Kb6 38. Nac3 Na7 39. Nxa4+ bxa4 40. Kxa4 Nc8 41. Nd2 Nd6 42. Nf3 f6 43. Nd2 g5 44. g4 Ne4 45. Nxe4 dxe4 46. Kb4 Kc6 47. Kc4 Kd6 48. Kc3 Kd5 49. Kb4 f5 50. h3 f4 51. Kc3 Kc6 52. Kc4 Kd6 53. Kc3 Ke7 54. Kc4 Kd6 55. Kc3 Kc7 56. Kc4 Kc6 57. Kb4 Kb6 58. Ka4 Kc6 59. Kb4 Kd5 60. Kc3 Kd6 61. Kc4 Kc6 62. Kb4 Kd5 63. Kc3 Kd6 64. Kc4 Kc6 65. Kb4 Kd5 66. Kb5 1/2-1/2

[Event "GER-chT U14"]
[Site "Regensburg"]
[Date "2014.12.27"]
[Round "1.4"]
[White "De Rentiis, Davide Luca"]
[Black "Sammet, Dominik"]
[Result "1/2-1/2"]
[WhiteElo "1226"]
[BlackElo "1525"]
[PlyCount "74"]
[EventDate "2014.12.27"]
[EventType "team-swiss"]
[EventRounds "7"]
[EventCountry "GER"]
[SourceTitle "EXT 2016"]
[Source "ChessBase"]
[SourceDate "2015.10.08"]
[SourceVersion "1"]
[SourceVersionDate "2015.10.08"]
[SourceQuality "1"]
[WhiteTeam "Bebenhausen"]
[BlackTeam "Regensburg Bavaria"]
[WhiteTeamCountry "GER"]
[BlackTeamCountry "GER"]

1. e4 c5 2. d4 cxd4 3. c3 dxc3 4. Nxc3 e6 5. Nf3 Qc7 6. e5 Bb4 7. Bd2 a6 8. Rc1 Bxc3 9. Bxc3 Nc6 10. Qd6 Qxd6 11. exd6 f6 12. Bc4 b5 13. Bb3 Nh6 14. 0-0 0-0 15. Nh4 Kh8 16. Bd2 Nf7 17. f4 Nxd6 18. Bxe6 dxe6 19. Rxc6 Nc4 20. Bb4 Rd8 21. b3 Ne3 22. Re1 Nd5 23. Bd2 Ne7 24. Rc2 Bd7 25. f5 Nxf5 26. Nxf5 exf5 27. Re7 Rac8 28. Rxd7 Kg8 29. Rxc8 Rxc8 30. Bf4 Rc2 31. a4 bxa4 32. bxa4 Rc4 33. Bd2 Rxa4 34. Rd5 Ra1+ 35. Kf2 Ra2 36. Ke3 g6 37. Rd6 Kg7 1/2-1/2

[Event "Nittenau-ch 13th"]
[Site "Nittenau"]
[Date "2013.09.14"]
[Round "3"]
[White "Sammet, Dominik"]
[Black "Weiherer, Johann"]
[Result "1-0"]
[WhiteElo "1256"]
[BlackElo "1366"]
[PlyCount "63"]
[EventDate "2013.09.13"]
[EventType "swiss"]
[EventRounds "5"]
[EventCountry "GER"]
[SourceTitle "EXT 2022"]
[Source "ChessBase"]
[SourceDate "2021.10.06"]
[SourceVersion "1"]
[SourceVersionDate "2021.10.06"]
[SourceQuality "1"]

1. e4 e6 2. d4 d5 3. e5 c5 4. c3 Nc6 5. Nf3 Qb6 6. a3 c4 7. Nbd2 Na5 8. g3 Bd7 9. Bh3 Be7 10. a4 f6 11. 0-0 Nb3 12. Nxb3 cxb3 13. Nd2 fxe5 14. dxe5 Nh6 15. Nxb3 g5 16. Be3 Qc7 17. Qh5+ Nf7 18. f4 0-0-0 19. Qxf7 Rhe8 20. Bxe6 h6 21. Bxd7+ Qxd7 22. Qh5 Qf5 23. Qe2 h5 24. Rad1 Qe4 25. Rd4 Qh7 26. Qd3 Qg7 27. Qf5+ Kb8 28. Na5 Bc5 29. Rd3 Bxe3+ 30. Rxe3 g4 31. e6 Re7 32. Qe5+ 1-0